|
|
|
|
| LEADER |
01295nam a2200313 a 4500 |
| 001 |
15045001 |
| 008 |
101207r20102006ctua b 001 0 eng d |
| 010 |
|
|
|a 2007299576
|
| 020 |
|
|
|a 8125019162
|
| 020 |
|
|
|a 9781934389119 (pbk.)
|
| 020 |
|
|
|a 1934389110 (pbk.)
|
| 040 |
|
|
|a DLC
|c DLC
|d DLC
|d BD-DhAAL
|
| 082 |
0 |
0 |
|a 194
|2 22
|
| 100 |
1 |
|
|a Powell, Jim,
|d 1946-
|
| 245 |
1 |
0 |
|a Derrida for Beginners /
|c written by Jim Powell ; illustrated by Van Howell.
|
| 260 |
|
|
|a Danbury, CT :
|b For Beginners LLC ;
|a New Delhi :
|b Orient BlackSwan,
|c 2010.
|
| 300 |
|
|
|a v, 185 :
|b chiefly ill. ;
|c 23 cm.
|
| 490 |
0 |
|
|a Writers and readers documentary comic book
|
| 500 |
|
|
|a Originally published in 1997 by Writers and Readers, Inc.
|
| 500 |
|
|
|a "A For Beginners documentary comic book"--T.p. Verso.
|
| 541 |
1 |
|
|e 00021526
|
| 600 |
1 |
0 |
|a Derrida, Jacques.
|
| 650 |
|
0 |
|a Philosophy.
|
| 650 |
|
0 |
|a Deconstruction.
|
| 700 |
1 |
|
|a Howell, Van.
|
| 852 |
4 |
|
|a Ayesha Abed Library
|j General Shelf.
|
| 999 |
|
|
|c 10182
|d 10182
|
| 952 |
|
|
|0 0
|1 0
|2 ddc
|4 0
|6 194_POW
|7 0
|9 13566
|a BRACUL
|b BRACUL
|c GEN
|d 2010-12-09
|l 7
|m 53
|o 194 POW
|p 3010021526
|r 2025-03-13
|s 2024-06-06
|t 1
|w 2010-12-09
|y BK
|
| 952 |
|
|
|0 0
|1 0
|2 ddc
|4 0
|6 194_POW
|7 0
|9 18978
|a BRACUL
|b BRACUL
|c GEN
|d 2011-12-27
|l 6
|m 25
|o 194 POW
|p 3010014437
|r 2024-07-03
|s 2024-05-28
|t 2
|w 2011-12-27
|y BK
|